Top 100 : All Time Passing Leader - Statistics

General Stats
  • This quiz has been taken 15 times
  • The average score is 43 of 100
Answer Stats
Passing Yards Player % Correct
66,274 Aaron Rodgers
100%
35,939 Patrick Mahomes
92%
89,214 Tom Brady
92%
23,911 Archie Manning
85%
80,358 Drew Brees
85%
57,023 Eli Manning
85%
71,940 Peyton Manning
85%
46,966 Russell Wilson
85%
64,088 Ben Roethlisberger
77%
71,838 Brett Favre
77%
48,176 Joe Flacco
77%
40,551 Joe Montana
77%
64,516 Matthew Stafford
77%
61,361 Dan Marino
69%
30,102 Josh Allen
69%
44,700 Kirk Cousins
69%
63,984 Philip Rivers
69%
32,942 Troy Aikman
69%
24,718 Bart Starr
62%
43,040 Dan Fouts
62%
41,245 Derek Carr
62%
47,003 Fran Tarkenton
62%
51,475 John Elway
62%
32,224 Kurt Warner
62%
61,792 Matt Ryan
62%
34,183 Tony Romo
62%
35,650 Alex Smith
54%
23,671 Andrew Luck
54%
39,793 Andy Dalton
54%
37,920 Boomer Esiason
54%
46,247 Carson Palmer
54%
35,989 Dak Prescott
54%
37,276 Donovan McNabb
54%
44,611 Drew Bledsoe
54%
24,792 Jameis Winston
54%
39,622 Jared Goff
54%
35,467 Jim Kelly
54%
27,663 Joe Namath
54%
33,124 Steve Young
54%
27,989 Terry Bradshaw
54%
49,325 Warren Moon
54%
28,525 Baker Mayfield
46%
35,133 Jay Cutler
46%
40,239 Johnny Unitas
46%
28,711 Len Dawson
46%
36,638 Matt Hasselbeck
46%
34,881 Ryan Tannehill
46%
31,304 Steve McNair
46%
46,233 Vinny Testaverde
46%
25,092 Bob Griese
38%
29,054 Brad Johnson
38%
32,382 Cam Newton
38%
23,626 Carson Wentz
38%
25,537 Jeff Garcia
38%
25,206 Joe Theismann
38%
24,820 Justin Herbert
38%
32,838 Ken Anderson
38%
27,938 Ken Stabler
38%
25,467 Matt Schaub
38%
33,462 Phil Simms
38%
34,990 Ryan Fitzpatrick
38%
33,070 Y.A. Tittle
38%
23,301 Bernie Kosar
31%
23,713 Brian Sipe
31%
34,837 Jim Everett
31%
26,288 Jim Harbaugh
31%
40,922 Kerry Collins
31%
22,814 Marc Bulger
31%
32,072 Mark Brunell
31%
23,611 Norm Van Brocklin
31%
29,979 Randall Cunningham
31%
38,147 Dave Krieg
23%
26,920 George Blanda
23%
29,253 Jake Plummer
23%
25,882 Jim Plunkett
23%
23,584 Otto Graham
23%
28,190 Ron Jaworski
23%
32,224 Sonny Jurgensen
23%
28,475 Trent Green
23%
27,908 Craig Morton
15%
27,602 Jeff George
15%
34,665 Jim Hart
15%
31,548 John Brodie
15%
33,503 John Hadl
15%
29,745 Jon Kitna
15%
23,322 Lynn Dickey
15%
28,743 Rich Gannon
15%
29,444 Roman Gabriel
15%
24,046 Steve Beuerlein
15%
26,886 Steve Grogan
15%
26,768 Bobby Layne
8%
28,484 Chris Chandler
8%
29,817 Joe Ferguson
8%
25,094 Ken O'Brien
8%
24,124 Steve Bartkowski
8%
24,777 Tommy Kramer
8%
24,410 Charley Johnson
0%
24,153 Daunted Culpepper
0%
30,797 Norm Snead
0%
34,241 Steve DeBerg
0%
No matching quizzes found
Score Distribution
Percent of People with Each Score
Percentile by Number Answered
Your Score History
You have not taken this quiz